000 00297nam a22001337a 4500
008 170222b xxu||||| |||| 00| 0 eng d
020 _a083851426
041 _aeng
080 _29 ED
_a617
100 _a5
101 _aSHK
245 _aSURGICAL DIAGNOSIS TREATMENT
_cWAY .L.W
942 _2udc
_cBK
999 _c6119
_d6119